Statistics for 5 Largest cities in Arkansas

Click here to take the quiz!

General Stats

  • This quiz has been taken 8 times
  • The average score is 3 of 5

Answer Stats

Rank Answer % Correct
1Little Rock
100%
2Fort Smith
63%
3Fayetteville
63%
5Jonesboro
50%
4Springdale
25%

Score Distribution

Percentile by Number Answered

Percent of People with Each Score

Your Score History

You have not taken this quiz